[Event "Titled Tuesday intern op 19th Dec Early"]
[Site "Chess.com INT"]
[Date "2023.12.19"]
[Round "1"]
[White "Bogumil, Tatiana"]
[Black "Kleinman, Michael"]
[Result "0-1"]
[WhiteElo "2090"]
[BlackElo "2387"]
[PlyCount "52"]
[EventDate "2023.12.19"]
[EventType "swiss (blitz)"]
[EventRounds "11"]
[EventCountry "USA"]
[SourceTitle "CB52_2023"]
[SourceDate "2023.12.27"]
[SourceVersion "1"]
[SourceVersionDate "2023.12.27"]
[SourceQuality "1"]

1. Nf3 c5 2. c4 Nc6 3. b3 e5 4. d3 d5 5. Bb2 d4 6. g3 Bd6 7. Bg2 f5 8. Nbd2 Nf6 9. a3 0-0 10. b4 cxb4 11. axb4 Bxb4 12. 0-0 a5 13. Qc2 Qe7 14. Rfb1 Be6 15. Ng5 Bd7 16. Qc1 h6 17. Ngf3 Rad8 18. Ba3 e4 19. Bxb4 axb4 20. Ne1 e3 21. Nb3 exf2+ 22. Kxf2 Ng4+ 23. Kg1 Qxe2 24. Qd2 Qe3+ 25. Qxe3 dxe3 26. Bd5+ Kh7 0-1

[Event "Titled Tuesday intern op 19th Dec Early"]
[Site "Chess.com INT"]
[Date "2023.12.19"]
[Round "2"]
[White "Weetik, Vjacheslav"]
[Black "Kleinman, Michael"]
[Result "0-1"]
[WhiteElo "2423"]
[BlackElo "2387"]
[PlyCount "134"]
[EventDate "2023.12.19"]
[EventType "swiss (blitz)"]
[EventRounds "11"]
[EventCountry "USA"]
[SourceTitle "CB52_2023"]
[SourceDate "2023.12.27"]
[SourceVersion "1"]
[SourceVersionDate "2023.12.27"]
[SourceQuality "1"]

1. e4 c6 2. d4 d5 3. exd5 cxd5 4. Bd3 Nc6 5. c3 Nf6 6. Bf4 Bg4 7. Qb3 Qc8 8. Nd2 e6 9. Ngf3 Be7 10. 0-0 0-0 11. Rae1 a6 12. Ne5 Nxe5 13. Bxe5 Bh5 14. Re3 Bg6 15. Be2 Nd7 16. Bg3 Qc6 17. a4 Bd6 18. Bxd6 Qxd6 19. Ra1 Rfc8 20. h3 Rc7 21. Bf1 Rac8 22. Nf3 Nf6 23. Ne5 Ne4 24. a5 Bf5 25. Qa3 f6 26. Nd3 Kf7 27. g4 Bg6 28. Qxd6 Nxd6 29. Nc5 e5 30. b4 e4 31. f3 f5 32. gxf5 Nxf5 33. Ree1 exf3 34. Kf2 Bh5 35. Re5 Nd6 36. Rxh5 Ne4+ 37. Kxf3 Nxc3 38. Rxh7 Kg6 39. Rh4 Rf7+ 40. Kg2 Ne4 41. Bd3 Kg5 42. Rg4+ Kh5 43. Bxe4 dxe4 44. Re1 Rcf8 45. Re2 e3 46. Re4 Rf2+ 47. Kg3 Rxe2 48. Ne6 Rff2 49. Nf4+ Kg5 50. Nxe2 Rxe2 51. Kf3 Rh2 52. Kxe3 Rxh3+ 53. Kd2 Rb3 54. d5 Kf5 55. Re7 Rxb4 56. Kc3 Rb5 57. Kc4 g5 58. d6 Rb1 59. d7 Rd1 60. Kc5 g4 61. Kb6 Kf6 62. Rh7 g3 63. Rh4 Rxd7 64. Rg4 Rg7 65. Rf4+ Ke5 66. Rf1 g2 67. Rg1 Kf4 0-1

[Event "Titled Tuesday intern op 28th Feb Late"]
[Site "Chess.com INT"]
[Date "2023.02.28"]
[Round "2"]
[White "Kleinman, Michael"]
[Black "Onslow, Alfie"]
[Result "1-0"]
[WhiteElo "2387"]
[BlackElo "2171"]
[PlyCount "58"]
[EventDate "2023.02.28"]
[EventType "swiss (blitz)"]
[EventRounds "11"]
[EventCountry "USA"]
[SourceTitle "CBM 213 Extra"]
[Source "ChessBase"]
[SourceDate "2023.05.31"]
[SourceVersion "1"]
[SourceVersionDate "2023.05.31"]
[SourceQuality "1"]

1. e4 d6 2. d4 Nf6 3. Nc3 e5 4. Nf3 Nbd7 5. Bc4 Be7 6. 0-0 0-0 7. a4 exd4 8. Qxd4 Ng4 9. Bf4 Bf6 10. Qd2 Nge5 11. Nxe5 Nxe5 12. Be2 Be6 13. Nd5 Bxd5 14. exd5 Re8 15. Rfe1 Ng6 16. Be3 Bxb2 17. Rab1 Qf6 18. Qd3 b6 19. c4 Be5 20. g3 a5 21. Bg4 Bc3 22. Re2 Ne5 23. Qf5 Qxf5 24. Bxf5 Nf3+ 25. Kf1 Nd4 26. Bxd4 Bxd4 27. Rbe1 g6 28. Rxe8+ Rxe8 29. Rxe8+ Kg7 1-0

[Event "Titled Tuesday intern op 28th Feb Late"]
[Site "Chess.com INT"]
[Date "2023.02.28"]
[Round "5"]
[White "Kleinman, Michael"]
[Black "Tan, Zhongyi"]
[Result "1/2-1/2"]
[WhiteElo "2387"]
[BlackElo "2530"]
[PlyCount "103"]
[EventDate "2023.02.28"]
[EventType "swiss (blitz)"]
[EventRounds "11"]
[EventCountry "USA"]
[SourceTitle "CBM 213 Extra"]
[Source "ChessBase"]
[SourceDate "2023.05.31"]
[SourceVersion "1"]
[SourceVersionDate "2023.05.31"]
[SourceQuality "1"]

1. e4 e5 2. Nf3 Nc6 3. Bb5 Nf6 4. 0-0 Nxe4 5. d4 Nd6 6. Bxc6 dxc6 7. dxe5 Nf5 8. Qxd8+ Kxd8 9. Nc3 Bd7 10. h3 Be7 11. Bf4 h6 12. Rad1 Kc8 13. Rd3 b6 14. g4 Nh4 15. Nxh4 Bxh4 16. Rfd1 Be6 17. Kg2 Kb7 18. b3 Rad8 19. Bg3 Be7 20. f4 g6 21. Rxd8 Rxd8 22. Rxd8 Bxd8 23. Kf3 h5 24. Ne4 hxg4+ 25. hxg4 c5 26. c4 Kc6 27. Nf2 b5 28. cxb5+ Kxb5 29. Ke4 c4 30. bxc4+ Bxc4 31. a3 Be7 32. f5 Bxa3 33. e6 gxf5+ 34. gxf5 fxe6 35. Bxc7 Bd5+ 36. Ke5 Kc6 37. Ba5 Bb2+ 38. Kf4 exf5 39. Kxf5 Kb5 40. Bd8 a5 41. Nd3 Bd4 42. Nf4 Bb3 43. Ne6 Bc3 44. Nc7+ Kc4 45. Ne6 a4 46. Be7 Bc2+ 47. Kf4 Kb3 48. Nc5+ Kb2 49. Nxa4+ Bxa4 50. Kg5 Bc2 51. Bf6 Kb3 52. Bxc3 1/2-1/2

[Event "Titled Tuesday intern op 28th Feb Late"]
[Site "Chess.com INT"]
[Date "2023.02.28"]
[Round "1"]
[White "Rasulov, Vugar Ural Oglu"]
[Black "Kleinman, Michael"]
[Result "1-0"]
[WhiteElo "2516"]
[BlackElo "2387"]
[PlyCount "69"]
[EventDate "2023.02.28"]
[EventType "swiss (blitz)"]
[EventRounds "11"]
[EventCountry "USA"]
[SourceTitle "CBM 213 Extra"]
[Source "ChessBase"]
[SourceDate "2023.05.31"]
[SourceVersion "1"]
[SourceVersionDate "2023.05.31"]
[SourceQuality "1"]

1. Nf3 c5 2. e4 e6 3. d4 cxd4 4. Nxd4 Nc6 5. Nc3 Qc7 6. Be3 a6 7. Qf3 h5 8. Nxc6 bxc6 9. Qg3 Qxg3 10. hxg3 d5 11. g4 Nf6 12. f3 dxe4 13. Nxe4 Nxe4 14. fxe4 h4 15. 0-0-0 Be7 16. g5 e5 17. Bc4 Be6 18. Bxe6 fxe6 19. Rh3 Kf7 20. Rd7 Rad8 21. g6+ Ke8 22. Rc7 Rf8 23. c3 Rf6 24. Rxe7+ Kxe7 25. Bg5 Rdf8 26. Rf3 Ke8 27. Bxf6 Rxf6 28. Rxf6 gxf6 29. Kd2 Kf8 30. b4 Kg7 31. c4 Kxg6 32. a4 Kf7 33. b5 cxb5 34. cxb5 h3 35. gxh3 1-0

[Event "Titled Tuesday intern op 10th Jan Late"]
[Site "Chess.com INT"]
[Date "2023.01.10"]
[Round "3"]
[White "Domingo Nunez, Alejandro"]
[Black "Kleinman, Michael"]
[Result "1-0"]
[WhiteElo "2353"]
[BlackElo "2387"]
[PlyCount "71"]
[EventDate "2023.01.10"]
[EventType "swiss (blitz)"]
[EventRounds "11"]
[EventCountry "USA"]
[SourceTitle "EXT 2024"]
[Source "ChessBase"]
[SourceDate "2023.10.10"]
[SourceVersion "1"]
[SourceVersionDate "2023.10.10"]
[SourceQuality "1"]

1. Nf3 Nf6 2. g3 g6 3. b3 Bg7 4. Bb2 0-0 5. Bg2 c5 6. c4 Nc6 7. 0-0 d6 8. d4 cxd4 9. Nxd4 Bd7 10. Nc3 Rc8 11. Rc1 a6 12. a3 b5 13. Nxc6 Bxc6 14. Bxc6 Rxc6 15. cxb5 axb5 16. Nxb5 Rb6 17. a4 h5 18. Qd3 h4 19. a5 Rb8 20. b4 Qd7 21. Nd4 Rxb4 22. Bc3 Rbb8 23. a6 Qh3 24. Nf3 e5 25. e4 Ng4 26. Qxd6 f5 27. a7 fxe4 28. axb8Q exf3 29. Qbxf8+ Bxf8 30. Qxg6+ Bg7 31. Qe8+ Kh7 32. Qh5+ Bh6 33. Qf5+ Kg8 34. Qe6+ Kg7 35. Bxe5+ Kh7 36. Rc7+ 1-0

[Event "Titled Tuesday intern op 03rd Jan Late"]
[Site "Chess.com INT"]
[Date "2023.01.03"]
[Round "1"]
[White "Abdisalimov, Abdimalik"]
[Black "Kleinman, Michael"]
[Result "1-0"]
[WhiteElo "2482"]
[BlackElo "2387"]
[PlyCount "59"]
[EventDate "2023.01.03"]
[EventType "swiss (blitz)"]
[EventRounds "11"]
[EventCountry "USA"]
[SourceTitle "EXT 2024"]
[Source "ChessBase"]
[SourceDate "2023.10.10"]
[SourceVersion "1"]
[SourceVersionDate "2023.10.10"]
[SourceQuality "1"]

1. d4 Nf6 2. c4 g6 3. f3 d5 4. cxd5 Nxd5 5. e4 Nb6 6. Nc3 Bg7 7. Be3 0-0 8. Qd2 e5 9. d5 c6 10. h4 cxd5 11. exd5 Na6 12. h5 Nb4 13. Rd1 Bf5 14. Kf2 Rc8 15. g4 Bc2 16. Rc1 N6xd5 17. Nxd5 Qxd5 18. Qxb4 Qxa2 19. Ne2 e4 20. Nd4 Bd3 21. Bxd3 exd3 22. Rhd1 Rxc1 23. Rxc1 Re8 24. Qb5 Re5 25. Rc8+ Bf8 26. Qxe5 Qxb2+ 27. Kg3 d2 28. Rxf8+ Kxf8 29. Bh6+ Kg8 30. Qe8# 1-0

[Event "Titled Tuesday intern op 03rd Jan Late"]
[Site "Chess.com INT"]
[Date "2023.01.03"]
[Round "3"]
[White "Kleinman, Michael"]
[Black "Atanasov, Anthony"]
[Result "0-1"]
[WhiteElo "2387"]
[BlackElo "2361"]
[PlyCount "56"]
[EventDate "2023.01.03"]
[EventType "swiss (blitz)"]
[EventRounds "11"]
[EventCountry "USA"]
[SourceTitle "EXT 2024"]
[Source "ChessBase"]
[SourceDate "2023.10.10"]
[SourceVersion "1"]
[SourceVersionDate "2023.10.10"]
[SourceQuality "1"]

1. Nf3 d5 2. g3 Bf5 3. Bg2 Nc6 4. 0-0 e5 5. d3 Nf6 6. a3 a5 7. Nc3 d4 8. Nb5 h6 9. c4 Bc5 10. Rb1 a4 11. b4 axb3 12. Qxb3 0-0 13. Nh4 Na5 14. Qc2 Bh7 15. a4 Qe7 16. Qa2 e4 17. Rd1 g5 18. dxe4 gxh4 19. Bxh6 hxg3 20. hxg3 Nxe4 21. Bxf8 Rxf8 22. Nxd4 Nc3 23. Qd2 Bxd4 24. e3 Nxc4 25. Qe1 Nxd1 26. Rxd1 Bg7 27. Qe2 Ne5 28. Be4 Bxe4 0-1

[Event "Titled Tuesday intern op 03rd Jan Late"]
[Site "Chess.com INT"]
[Date "2023.01.03"]
[Round "2"]
[White "Kleinman, Michael"]
[Black "Marcolino, Daniel Mattos"]
[Result "1-0"]
[WhiteElo "2387"]
[BlackElo "2006"]
[PlyCount "57"]
[EventDate "2023.01.03"]
[EventType "swiss (blitz)"]
[EventRounds "11"]
[EventCountry "USA"]
[SourceTitle "EXT 2024"]
[Source "ChessBase"]
[SourceDate "2023.10.10"]
[SourceVersion "1"]
[SourceVersionDate "2023.10.10"]
[SourceQuality "1"]

1. Nf3 d5 2. g3 c6 3. Bg2 Nf6 4. 0-0 Bg4 5. b3 Nbd7 6. Bb2 e6 7. c4 Be7 8. d3 0-0 9. Nbd2 Qc7 10. a3 Rfd8 11. Rc1 dxc4 12. Rxc4 Bh5 13. b4 a6 14. Qb3 Nb6 15. Rc2 Nbd5 16. Rfc1 Rac8 17. Nc4 Bxf3 18. Bxf3 Qb8 19. e4 Nc7 20. Nb6 Nb5 21. Nxc8 Qxc8 22. Rc4 Nd7 23. a4 Nc7 24. b5 Nb8 25. e5 Qd7 26. bxc6 Nxc6 27. Qxb7 Bg5 28. Rxc6 Bxc1 29. Rxc7 1-0

[Event "Titled Tuesday intern op 03rd Jan Late"]
[Site "Chess.com INT"]
[Date "2023.01.03"]
[Round "7"]
[White "Rodriguez Fontecha, Marcos"]
[Black "Kleinman, Michael"]
[Result "1-0"]
[WhiteElo "2309"]
[BlackElo "2387"]
[PlyCount "83"]
[EventDate "2023.01.03"]
[EventType "swiss (blitz)"]
[EventRounds "11"]
[EventCountry "USA"]
[SourceTitle "EXT 2024"]
[Source "ChessBase"]
[SourceDate "2023.10.10"]
[SourceVersion "1"]
[SourceVersionDate "2023.10.10"]
[SourceQuality "1"]

1. b4 d5 2. g3 e5 3. Bb2 Bxb4 4. Bxe5 Nf6 5. Bg2 0-0 6. a3 Bc5 7. Nf3 Re8 8. 0-0 Nc6 9. Bb2 h6 10. e3 Bf5 11. d4 Bd6 12. Nbd2 Qd7 13. Re1 Na5 14. Ne5 Qa4 15. c4 Bc2 16. Qe2 Bxe5 17. dxe5 Ne4 18. cxd5 Nxd2 19. Qxd2 Nc4 20. Qd4 Nxe5 21. Rac1 Qxd4 22. exd4 Nc4 23. Rxe8+ Rxe8 24. Rxc2 Re1+ 25. Bf1 b5 26. Kg2 Nd6 27. Rxc7 Rb1 28. Bc1 Nf5 29. h4 Nxd4 30. d6 Ne6 31. d7 Kf8 32. Bf4 Ke7 33. Rxa7 Nxf4+ 34. gxf4 Rb3 35. d8Q+ Kxd8 36. Rxf7 g5 37. fxg5 hxg5 38. h5 Rxa3 39. Bxb5 Ra5 40. h6 g4 41. h7 Rxb5 42. h8Q# 1-0

[Event "Titled Tuesday intern op 27th Dec Late"]
[Site "Chess.com INT"]
[Date "2022.12.27"]
[Round "2"]
[White "Kleinman, Michael"]
[Black "Vifleemskaia, Svetlana"]
[Result "1-0"]
[WhiteElo "2387"]
[BlackElo "1947"]
[PlyCount "99"]
[EventDate "2022.12.27"]
[EventType "swiss (blitz)"]
[EventRounds "11"]
[EventCountry "USA"]
[SourceTitle "EXT 2024"]
[Source "ChessBase"]
[SourceDate "2023.10.10"]
[SourceVersion "1"]
[SourceVersionDate "2023.10.10"]
[SourceQuality "1"]

1. e4 e5 2. Nf3 Nc6 3. Bb5 a6 4. Ba4 Nf6 5. 0-0 Be7 6. Re1 b5 7. Bb3 d6 8. c3 0-0 9. h3 Nd7 10. d4 Bf6 11. Be3 Na5 12. Bc2 Nc4 13. Bc1 c5 14. b3 Ncb6 15. Bb2 b4 16. dxc5 dxc5 17. cxb4 cxb4 18. Nbd2 Bb7 19. Rc1 Qe7 20. Nf1 Rfd8 21. Ng3 g6 22. Qe2 a5 23. Bb1 a4 24. Qe3 Rac8 25. Bd3 Nc5 26. Bb5 axb3 27. axb3 Nbd7 28. Rc4 Ba6 29. Rxb4 Rb8 30. Bxa6 Rxb4 31. Bc4 Rbb8 32. Ne2 Nb6 33. Bb5 Nbd7 34. Bc4 Nb6 35. Bb5 Nbd7 36. Nc3 Qd6 37. Rd1 Qb6 38. Bc4 Bg7 39. Nd5 Qb7 40. b4 Na4 41. Ba1 Ndb6 42. Nxe5 Nxc4 43. Nxc4 Bxa1 44. Rxa1 Ra8 45. Qh6 f5 46. Nf6+ Kh8 47. Ne5 Qg7 48. Qg5 h6 49. Nxg6+ Qxg6 50. Qxg6 1-0

[Event "Titled Tuesday intern op 20th Dec Late"]
[Site "Chess.com INT"]
[Date "2022.12.20"]
[Round "8"]
[White "Itkis, Boris"]
[Black "Kleinman, Michael"]
[Result "1/2-1/2"]
[WhiteElo "2329"]
[BlackElo "2387"]
[PlyCount "119"]
[EventDate "2022.12.20"]
[EventType "swiss (blitz)"]
[EventRounds "11"]
[EventCountry "USA"]
[SourceTitle "EXT 2024"]
[Source "ChessBase"]
[SourceDate "2023.10.10"]
[SourceVersion "1"]
[SourceVersionDate "2023.10.10"]
[SourceQuality "1"]

1. c4 g6 2. Nf3 Bg7 3. d4 Nf6 4. g3 c6 5. Bg2 d5 6. cxd5 cxd5 7. 0-0 0-0 8. Nc3 Ne4 9. Bd2 Nc6 10. e3 Nxc3 11. Bxc3 Bf5 12. Rc1 Rc8 13. Qb3 Qd7 14. Rfd1 Be4 15. Ne5 Nxe5 16. Bxe4 Nc4 17. Bg2 Rc7 18. Rc2 Rfc8 19. Rdc1 a5 20. a3 a4 21. Qa2 Qb5 22. Bf1 Qb3 23. Qa1 Nd6 24. Qb1 e6 25. Be2 Ne4 26. Bd1 Qb6 27. Bb4 Rxc2 28. Rxc2 Rc6 29. Qc1 Bf8 30. Rxc6 bxc6 31. Bxf8 Kxf8 32. Bxa4 c5 33. f3 cxd4 34. fxe4 dxe3 35. Kg2 Qd4 36. Qc8+ Kg7 37. Qc3 Qxc3 38. bxc3 dxe4 39. Bb5 Kf6 40. a4 Ke5 41. a5 e2 42. Bxe2 Kd6 43. a6 Kc7 44. Kf2 f5 45. Ke3 e5 46. h4 Kb6 47. Bc4 h6 48. Bf7 g5 49. Bg6 f4+ 50. Kxe4 fxg3 51. Kf3 gxh4 52. Bd3 e4+ 53. Bxe4 Kxa6 54. Bd3+ Kb6 55. Bf1 Kc5 56. Kg4 g2 57. Bxg2 Kc4 58. Kxh4 Kxc3 59. Kh5 Kd2 60. Kxh6 1/2-1/2

[Event "Titled Tuesday intern op 20th Dec Late"]
[Site "Chess.com INT"]
[Date "2022.12.20"]
[Round "7"]
[White "Kleinman, Michael"]
[Black "Brodowski, Piotr"]
[Result "1-0"]
[WhiteElo "2387"]
[BlackElo "2455"]
[PlyCount "63"]
[EventDate "2022.12.20"]
[EventType "swiss (blitz)"]
[EventRounds "11"]
[EventCountry "USA"]
[SourceTitle "EXT 2024"]
[Source "ChessBase"]
[SourceDate "2023.10.10"]
[SourceVersion "1"]
[SourceVersionDate "2023.10.10"]
[SourceQuality "1"]

1. e4 c5 2. Nf3 d6 3. d4 cxd4 4. Qxd4 Nf6 5. Bb5+ Nc6 6. Nc3 Bd7 7. Qd3 a6 8. Bxc6 Bxc6 9. Bg5 e6 10. 0-0-0 Be7 11. Kb1 b5 12. Nd4 Bb7 13. a3 Qc7 14. f4 0-0 15. f5 e5 16. Bxf6 Bxf6 17. Nf3 Rfd8 18. Nd5 Bxd5 19. Qxd5 Rac8 20. Rd2 Qb6 21. g4 h6 22. h4 b4 23. axb4 Qxb4 24. g5 Be7 25. f6 gxf6 26. gxh6 Qc4 27. Rg1+ Kh8 28. Rg7 Qf1+ 29. Rd1 Qxf3 30. Rdg1 Rxc2 31. Rh7+ Kxh7 32. Qxf7+ 1-0

[Event "Titled Tuesday intern op 20th Dec Late"]
[Site "Chess.com INT"]
[Date "2022.12.20"]
[Round "4"]
[White "Kleinman, Michael"]
[Black "Guerb, Leonid"]
[Result "1-0"]
[WhiteElo "2387"]
[BlackElo "2295"]
[PlyCount "53"]
[EventDate "2022.12.20"]
[EventType "swiss (blitz)"]
[EventRounds "11"]
[EventCountry "USA"]
[SourceTitle "EXT 2024"]
[Source "ChessBase"]
[SourceDate "2023.10.10"]
[SourceVersion "1"]
[SourceVersionDate "2023.10.10"]
[SourceQuality "1"]

1. e4 c5 2. Nf3 g6 3. d4 cxd4 4. Qxd4 Nf6 5. e5 Nc6 6. Qh4 Nxe5 7. Nxe5 Qa5+ 8. Nc3 Qxe5+ 9. Be2 Bg7 10. Bf4 Qa5 11. 0-0 0-0 12. Rfe1 d5 13. Rad1 Be6 14. Nb5 Rac8 15. Nd4 Bd7 16. Be5 a6 17. Bf3 Qxa2 18. g4 Rfe8 19. g5 Ne4 20. Bxg7 Kxg7 21. Bxe4 dxe4 22. Rxe4 h5 23. gxh6+ Kh7 24. Nf3 f6 25. Rxd7 Qf7 26. Qf4 Rxc2 27. Ng5+ 1-0

[Event "Titled Tuesday intern op 20th Dec Late"]
[Site "Chess.com INT"]
[Date "2022.12.20"]
[Round "3"]
[White "Sahakyan, Aleks"]
[Black "Kleinman, Michael"]
[Result "1-0"]
[WhiteElo "2307"]
[BlackElo "2387"]
[PlyCount "63"]
[EventDate "2022.12.20"]
[EventType "swiss (blitz)"]
[EventRounds "11"]
[EventCountry "USA"]
[SourceTitle "EXT 2024"]
[Source "ChessBase"]
[SourceDate "2023.10.10"]
[SourceVersion "1"]
[SourceVersionDate "2023.10.10"]
[SourceQuality "1"]

1. c4 c5 2. Nf3 Nc6 3. Nc3 Nf6 4. e3 e6 5. d4 d5 6. a3 a6 7. dxc5 Bxc5 8. b4 Be7 9. cxd5 exd5 10. Bb2 0-0 11. Bd3 Bg4 12. Ne2 Rc8 13. h3 Bh5 14. Nf4 Bg6 15. Nxg6 hxg6 16. 0-0 Re8 17. Qb3 Ne4 18. Rad1 Nf6 19. Bb1 Qd6 20. e4 Bd8 21. exd5 Ne7 22. Be5 Qd7 23. d6 Nc6 24. Bb2 Re6 25. Ng5 Re2 26. Bxg6 Bb6 27. Bxf7+ Kh8 28. Bxf6 gxf6 29. Qf3 fxg5 30. Qh5+ Kg7 31. Qg6+ Kf8 32. Qg8# 1-0

[Event "Titled Tuesday intern op 15th Nov Late"]
[Site "Chess.com INT"]
[Date "2022.11.15"]
[Round "2"]
[White "Kleinman, Michael"]
[Black "Krasteva, Beloslava"]
[Result "1-0"]
[WhiteElo "2387"]
[BlackElo "2315"]
[PlyCount "73"]
[EventDate "2022.11.15"]
[EventType "swiss (blitz)"]
[EventRounds "11"]
[EventCountry "USA"]
[SourceTitle "CBM 211 Extra"]
[Source "ChessBase"]
[SourceDate "2023.01.31"]
[SourceVersion "1"]
[SourceVersionDate "2023.01.31"]
[SourceQuality "1"]

1. e4 c5 2. Nf3 Nc6 3. Bb5 Nd4 4. Nxd4 cxd4 5. 0-0 a6 6. Bc4 e6 7. a4 Nf6 8. d3 d5 9. exd5 Nxd5 10. Nd2 Be7 11. Nf3 Nf6 12. Re1 0-0 13. Bf4 b6 14. Be5 Bc5 15. Rb1 a5 16. c3 dxc3 17. bxc3 Ba6 18. Qb3 Bxc4 19. Qxc4 Rc8 20. Qf4 Nd5 21. Qg3 f6 22. Bd4 e5 23. Bxc5 Rxc5 24. d4 exd4 25. cxd4 Rc4 26. h4 Rxa4 27. h5 h6 28. Nh4 Rb4 29. Nf5 Qd7 30. Rxb4 Nxb4 31. Re7 Qxe7 32. Nxe7+ Kf7 33. Nf5 Ke6 34. Nxg7+ Kd5 35. Nf5 a4 36. Qd6+ Kc4 37. Qxf8 1-0

[Event "Titled Tuesday intern op 28th Apr"]
[Site "Chess.com INT"]
[Date "2020.04.28"]
[Round "4"]
[White "Pantsulaia, Levan"]
[Black "Kleinman, Michael"]
[Result "1-0"]
[WhiteElo "2553"]
[BlackElo "2387"]
[PlyCount "81"]
[EventDate "2020.04.28"]
[EventType "swiss (blitz)"]
[EventRounds "10"]
[EventCountry "USA"]
[SourceTitle "EXT 2021"]
[Source "ChessBase"]
[SourceDate "2020.10.23"]
[SourceVersion "1"]
[SourceVersionDate "2020.10.23"]
[SourceQuality "1"]

1. Nf3 Nf6 2. g3 g6 3. b3 Bg7 4. Bb2 0-0 5. Bg2 c5 6. c4 Nc6 7. 0-0 d6 8. d4 cxd4 9. Nxd4 Be6 10. Nxe6 fxe6 11. Bh3 e5 12. Nc3 Qb6 13. e3 Kh8 14. Bg2 Rac8 15. Qd2 a6 16. Rac1 Qa5 17. a3 Qb6 18. b4 Nd8 19. c5 dxc5 20. Na4 Qd6 21. Qxd6 exd6 22. bxc5 dxc5 23. Nb6 Nf7 24. Nxc8 Rxc8 25. Rc2 b5 26. Bb7 Rc7 27. Bxa6 Nd6 28. Bxe5 Nfe8 29. Rd1 Bxe5 30. Rd5 Ra7 31. Bxb5 Nxb5 32. Rxe5 Ned6 33. a4 Rxa4 34. Rcxc5 Rb4 35. Re7 Rc4 36. Rd5 Rc6 37. g4 Kg8 38. h4 h6 39. h5 gxh5 40. Rxh5 Nf7 41. Rxb5 1-0

[Event "Titled Tuesday intern op 28th Apr"]
[Site "Chess.com INT"]
[Date "2020.04.28"]
[Round "1"]
[White "Replay, Nudeem"]
[Black "Kleinman, Michael"]
[Result "0-1"]
[WhiteElo "2169"]
[BlackElo "2387"]
[PlyCount "54"]
[EventDate "2020.04.28"]
[EventType "swiss (blitz)"]
[EventRounds "10"]
[EventCountry "USA"]
[SourceTitle "EXT 2021"]
[Source "ChessBase"]
[SourceDate "2020.10.23"]
[SourceVersion "1"]
[SourceVersionDate "2020.10.23"]
[SourceQuality "1"]

1. e4 c6 2. d4 d5 3. Nd2 dxe4 4. Nxe4 Bf5 5. Ng3 Bg6 6. Nh3 Nf6 7. Nf4 e5 8. Nxg6 hxg6 9. Be3 Nbd7 10. Bc4 Bd6 11. Qf3 Qc7 12. 0-0-0 a5 13. h3 a4 14. Rhe1 0-0 15. Ne4 b5 16. Nxd6 Qxd6 17. dxe5 Qxe5 18. Bf4 Qc5 19. Bd3 a3 20. b3 Qc3 21. Bf1 Qb2+ 22. Kd2 Rad8 23. Bd3 Nc5 24. Re3 Nd5 25. Be5 Qxa2 26. Ra1 Nxb3+ 27. Ke2 Nxa1 0-1

[Event "Titled Tuesday intern op 14th April"]
[Site "Chess.com INT"]
[Date "2020.04.14"]
[Round "5"]
[White "Kleinman, Michael"]
[Black "Gozzoli, Yannick"]
[Result "1-0"]
[WhiteElo "2387"]
[BlackElo "2600"]
[PlyCount "37"]
[EventDate "2020.04.14"]
[EventType "swiss (blitz)"]
[EventRounds "10"]
[EventCountry "USA"]
[SourceTitle "EXT 2021"]
[Source "ChessBase"]
[SourceDate "2020.10.23"]
[SourceVersion "1"]
[SourceVersionDate "2020.10.23"]
[SourceQuality "1"]

1. e4 c5 2. Nf3 d6 3. d4 cxd4 4. Qxd4 Nf6 5. Bg5 Nc6 6. Bb5 Qa5+ 7. Nc3 Qxb5 8. Nxb5 Nxd4 9. Nfxd4 Nxe4 10. Nc7+ Kd8 11. Nxa8 Nxg5 12. Nb5 a6 13. Nc3 b5 14. Nb6 Bb7 15. 0-0 e6 16. a4 Kc7 17. a5 Be7 18. Rfe1 d5 19. Nbxd5+ 1-0

[Event "Titled Tuesday intern op 14th April"]
[Site "Chess.com INT"]
[Date "2020.04.14"]
[Round "3"]
[White "Rasulov, Vugar Ural Oglu"]
[Black "Kleinman, Michael"]
[Result "1-0"]
[WhiteElo "2478"]
[BlackElo "2387"]
[PlyCount "71"]
[EventDate "2020.04.14"]
[EventType "swiss (blitz)"]
[EventRounds "10"]
[EventCountry "USA"]
[SourceTitle "EXT 2021"]
[Source "ChessBase"]
[SourceDate "2020.10.23"]
[SourceVersion "1"]
[SourceVersionDate "2020.10.23"]
[SourceQuality "1"]

1. d4 Nf6 2. Nc3 d5 3. Bf4 g6 4. Qd2 Bg7 5. 0-0-0 c5 6. dxc5 0-0 7. Bh6 Qa5 8. Bxg7 Kxg7 9. Nf3 Nc6 10. e3 Qxc5 11. Nd4 Bd7 12. Nb3 Qb6 13. Nxd5 Nxd5 14. Qxd5 Rfd8 15. Qc5 Qc7 16. Bb5 Rac8 17. Rd2 Kg8 18. Rhd1 Bf5 19. Rxd8+ Rxd8 20. Rxd8+ Qxd8 21. Bxc6 bxc6 22. Nd4 Qd7 23. f3 Kg7 24. Qxc6 Qd8 25. Qc5 Bd7 26. Qxa7 h5 27. Qc5 h4 28. h3 Qb8 29. f4 Qa8 30. Qxe7 Bc8 31. Qe5+ Kg8 32. Qe8+ Kg7 33. f5 Qxg2 34. Qxc8 Qf1+ 35. Kd2 Qf2+ 36. Ne2 1-0

[Event "PRO League Stage"]
[Site "Chess.com INT"]
[Date "2019.03.13"]
[Round "10"]
[White "Kleinman, Michael"]
[Black "Ali Marandi, Cemil Can"]
[Result "0-1"]
[WhiteElo "2411"]
[BlackElo "2530"]
[PlyCount "92"]
[EventDate "2019.01.08"]
[EventType "team-swiss (rapid)"]
[EventRounds "10"]
[EventCountry "USA"]
[SourceTitle "CBM 189 Extra"]
[Source "ChessBase"]
[SourceDate "2019.06.03"]
[SourceVersion "1"]
[SourceVersionDate "2019.06.03"]
[SourceQuality "1"]
[WhiteTeam "Montreal Chessbrahs"]
[BlackTeam "Saint Louis Arch Bishops"]
[WhiteTeamCountry "CAN"]
[BlackTeamCountry "USA"]

1. e4 e5 2. Nf3 Nc6 3. Bb5 a6 4. Ba4 g6 5. d4 exd4 6. Nxd4 Bg7 7. Nxc6 dxc6 8. Qxd8+ Kxd8 9. 0-0 Be6 10. Bb3 Bxb3 11. axb3 Ne7 12. Rd1+ Kc8 13. Bg5 Re8 14. Nc3 h6 15. Be3 Ng8 16. Bd4 Bxd4 17. Rxd4 c5 18. Rd3 Nf6 19. f3 b6 20. Rad1 Kb7 21. g4 Re7 22. Kg2 Nh7 23. Rd8 Rc8 24. R1d7 Rxd8 25. Rxd8 Nf6 26. h4 Rd7 27. Rxd7 Nxd7 28. f4 Kc6 29. Kf3 f6 30. Nd5 Kd6 31. Ne3 Ke6 32. h5 Kf7 33. hxg6+ Kxg6 34. Nd5 c6 35. Ne7+ Kf7 36. Nf5 Kg6 37. Ke3 Nf8 38. Ne7+ Kf7 39. Nxc6 Ke6 40. b4 Kd6 41. Nb8 a5 42. b5 c4 43. Nc6 Kc5 44. Nd4 c3 45. b3 Nd7 46. Kd3 Kb4 0-1